000 00741cam a22002533a 4500
001 369
003 PGUSA
005 20140828082947.0
008 080711s2008||||xxu|||||s|||||000 1 eng d
040 _aPGUSA
_beng
042 _adc
050 4 _aPS
100 1 _aBurroughs, Edgar Rice,
_d1875-1950
245 1 4 _aThe Outlaw of Torn
_h[electronic resource] /
_cEdgar Rice Burroughs
260 _bProject Gutenberg,
_c2008
506 _aPublic domain in the USA.
516 _aElectronic text
653 _aHistorical fiction
653 _aGreat Britain -- History -- Henry III, 1216-1272 -- Fiction
653 _aOutlaws -- Fiction
830 0 _aProject Gutenberg
_v369
856 4 0 _uhttp://www.gutenberg.org/ebooks/369
942 _cEB
999 _c229720
_d229720